1915 1044 1401 1288 1675 1033 1035 1498 1233 1739 1492 1304 1589 1093 1102 1826 1535 1726 1592 1229 1848 1378 1505 1577 1962 1173 1102 1927 1862 1182 1301 1981 1879 1772 1720 1737 1263 1452 1992 1505 1344 1406 1157 1137 1353 1983 1328 1490 1669 1678 1263 1958 1529 1293 1438 1474 1478 1229 1213 1654 1687 1220 1600 1222 1973 1658 1314 1762 1025 1364 1854 1246 1719 1968 1843 1499 1258 1545 1430 1127 1667 1638 1401 1825 1455 1890 1027 1641 1612 1678 1230 1984 1896 1347 1295 1728 1259 1944 1767 BCNSPRNW ULIB Ver.6.0+V

เปลี่ยนเป็นภาษาไทย

Change to English
 แสดงรายละเอียดบรรณานุกรม
  กลับหน้าหลัก

Brief Record : Get Marc (ISO 2709) : E-mail record : QR code < ปิดหน้าต่าง
LEADER : 00000nam 2200000uu 4500
001    13399120412
003     ULIB
008    120920s2552||||th 000 0 tha d
020    ^a9789748285221
060 04 ^aWB115^bป445ค 2552
100 0  ^aปราณี ทู้ไพเราะ
245 10 ^aคู่มือโรค =^bHandbook of diseases /^cปราณี ทู้ไพเราะ
246 31 ^aHandbook of diseases
250    ^aพิมพ์ครั้งที่ 1
260    ^aกรุงเทพฯ :^bNP Press,^c2552
300    ^a522 หน้า ;^c21 ซม.
504    ^aมีบรรณานุกรมและดัชนี
650  7 ^aการวินิจฉัยโรค
650  7 ^aอายุรศาสตร์
945    ^p320^l0^i16016
945    ^p320^l0^i16015
995    ^aกัณชพร
999 ^a ใช้งานได้ทุกระบบ
รายการนี้ยังไม่มีแท็ก
คุณยังไม่ได้ล็อกอิน คุณสามารถมีกิจกรรมร่วมกับเว็บไซต์ได้ แต่ต้องล็อกอินก่อน ::
  ล็อกอิน

รายการสื่อสารสนเทศ

ลำดับที่ ประเภท เลขเรียก/บาร์โค้ด สถานที่ สถานะ
- ไม่พบข้อมูล -

รายการใกล้เคียง
    ผู้แต่ง [ปราณี ทู้ไพเราะ]

    หัวเรื่อง [การวินิจฉัยโรค]
    หัวเรื่อง [อายุรศาสตร์]

BibComment


ยังไม่เคยถูกคอมเมนท์

คอมเมนท์ทรัพยากรรายการนี้
  คอมเมนท์: คู่มือโรค Handb..


 Copyright 2026. Bcnsprnw @Library